<?xml version="1.0" encoding="UTF-8"?>
<record
    xmlns:xsi="http://www.w3.org/2001/XMLSchema-instance"
    xsi:schemaLocation="http://www.loc.gov/MARC21/slim http://www.loc.gov/standards/marcxml/schema/MARC21slim.xsd"
    xmlns="http://www.loc.gov/MARC21/slim">

  <leader>01226nam a22002657a 4500</leader>
  <controlfield tag="003">NALT</controlfield>
  <controlfield tag="005">20250312153136.0</controlfield>
  <controlfield tag="008">      s2558    th                  tha d</controlfield>
  <datafield tag="020" ind1=" " ind2=" ">
    <subfield code="a">9789740213819</subfield>
  </datafield>
  <datafield tag="040" ind1=" " ind2=" ">
    <subfield code="a">NALT</subfield>
  </datafield>
  <datafield tag="041" ind1="1" ind2=" ">
    <subfield code="a">tha</subfield>
    <subfield code="h">eng</subfield>
  </datafield>
  <datafield tag="050" ind1=" " ind2=" ">
    <subfield code="a">QH 366.2 </subfield>
    <subfield code="b">&#xE2D;311&#xE22; 2558</subfield>
  </datafield>
  <datafield tag="100" ind1="1" ind2=" ">
    <subfield code="a">&#xE2D;&#xE22;&#xE32;&#xE25;&#xE32;, &#xE1F;&#xE23;&#xE32;&#xE19;&#xE0B;&#xE34;&#xE2A;&#xE42;&#xE01; &#xE40;&#xE08;. </subfield>
    <subfield code="9">34118</subfield>
  </datafield>
  <datafield tag="245" ind1="1" ind2="0">
    <subfield code="a">20 &#xE04;&#xE33;&#xE16;&#xE32;&#xE21;&#xE2A;&#xE33;&#xE04;&#xE31;&#xE0D;&#xE02;&#xE2D;&#xE07;&#xE27;&#xE34;&#xE27;&#xE31;&#xE12;&#xE19;&#xE32;&#xE01;&#xE32;&#xE23; = </subfield>
    <subfield code="b">The big questions evolution /</subfield>
    <subfield code="c">Francisco J. Ayala, &#xE40;&#xE02;&#xE35;&#xE22;&#xE19; ; &#xE19;&#xE33;&#xE0A;&#xE31;&#xE22; &#xE0A;&#xE35;&#xE27;&#xE27;&#xE34;&#xE27;&#xE23;&#xE23;&#xE18;&#xE19;&#xE4C;, &#xE41;&#xE1B;&#xE25;.</subfield>
  </datafield>
  <datafield tag="260" ind1=" " ind2=" ">
    <subfield code="a">&#xE01;&#xE23;&#xE38;&#xE07;&#xE40;&#xE17;&#xE1E;&#xE2F; : </subfield>
    <subfield code="b">&#xE21;&#xE15;&#xE34;&#xE0A;&#xE19;, </subfield>
    <subfield code="c">2558.</subfield>
  </datafield>
  <datafield tag="300" ind1=" " ind2=" ">
    <subfield code="a">312 &#xE2B;&#xE19;&#xE49;&#xE32; :</subfield>
    <subfield code="b">&#xE20;&#xE32;&#xE1E;&#xE1B;&#xE23;&#xE30;&#xE01;&#xE2D;&#xE1A; ;</subfield>
    <subfield code="c">21 &#xE0B;&#xE21;.</subfield>
  </datafield>
  <datafield tag="650" ind1=" " ind2="4">
    <subfield code="a">&#xE0A;&#xE35;&#xE27;&#xE34;&#xE15; (&#xE0A;&#xE35;&#xE27;&#xE27;&#xE34;&#xE17;&#xE22;&#xE32;)</subfield>
    <subfield code="9">34121</subfield>
  </datafield>
  <datafield tag="650" ind1=" " ind2="4">
    <subfield code="a">&#xE27;&#xE34;&#xE27;&#xE31;&#xE12;&#xE19;&#xE32;&#xE01;&#xE32;&#xE23;&#xE02;&#xE2D;&#xE07;&#xE21;&#xE19;&#xE38;&#xE29;&#xE22;&#xE4C;</subfield>
    <subfield code="9">23675</subfield>
  </datafield>
  <datafield tag="650" ind1=" " ind2="4">
    <subfield code="a">&#xE27;&#xE34;&#xE27;&#xE31;&#xE12;&#xE19;&#xE32;&#xE01;&#xE32;&#xE23; (&#xE0A;&#xE35;&#xE27;&#xE27;&#xE34;&#xE17;&#xE22;&#xE32;)</subfield>
    <subfield code="9">34122</subfield>
    <subfield code="x">&#xE04;&#xE33;&#xE16;&#xE32;&#xE21;&#xE41;&#xE25;&#xE30;&#xE04;&#xE33;&#xE15;&#xE2D;&#xE1A;</subfield>
  </datafield>
  <datafield tag="700" ind1="1" ind2=" ">
    <subfield code="9">34120</subfield>
    <subfield code="a">Ayala, Francisco J. </subfield>
  </datafield>
  <datafield tag="700" ind1="0" ind2=" ">
    <subfield code="a">&#xE19;&#xE33;&#xE0A;&#xE31;&#xE22; &#xE0A;&#xE35;&#xE27;&#xE27;&#xE34;&#xE27;&#xE23;&#xE23;&#xE18;&#xE19;&#xE4C;.</subfield>
    <subfield code="9">33609</subfield>
  </datafield>
  <datafield tag="850" ind1=" " ind2=" ">
    <subfield code="a">NALT</subfield>
  </datafield>
  <datafield tag="942" ind1=" " ind2=" ">
    <subfield code="c">GB</subfield>
    <subfield code="2">lcc</subfield>
  </datafield>
  <datafield tag="999" ind1=" " ind2=" ">
    <subfield code="c">73534</subfield>
    <subfield code="d">73534</subfield>
  </datafield>
  <datafield tag="998" ind1=" " ind2=" ">
    <subfield code="j">1020</subfield>
    <subfield code="k"> &#xE19;&#xE32;&#xE07;&#xE08;&#xE33;&#xE40;&#xE23;&#xE35;&#xE22;&#xE07;  &#xE23;&#xE30;&#xE27;&#xE31;&#xE07;&#xE2A;&#xE33;&#xE42;&#xE23;&#xE07;</subfield>
  </datafield>
  <datafield tag="952" ind1=" " ind2=" ">
    <subfield code="0">0</subfield>
    <subfield code="1">0</subfield>
    <subfield code="2">lcc</subfield>
    <subfield code="4">0</subfield>
    <subfield code="7">0</subfield>
    <subfield code="8">CGBL</subfield>
    <subfield code="a">NALT</subfield>
    <subfield code="b">NALT</subfield>
    <subfield code="c">GEN</subfield>
    <subfield code="e">&#xE08;&#xE31;&#xE14;&#xE0B;&#xE37;&#xE49;&#xE2D;&#xE17;&#xE23;&#xE31;&#xE1E;&#xE22;&#xE32;&#xE01;&#xE23;</subfield>
    <subfield code="l">0</subfield>
    <subfield code="o">QH 366.2 &#xE2D;311&#xE22; 2558</subfield>
    <subfield code="p">3961201015</subfield>
    <subfield code="r">2017-06-09 00:00:00</subfield>
    <subfield code="w">2017-06-09</subfield>
    <subfield code="y">GB</subfield>
  </datafield>
</record>
